[Event "GER OS-334 email"]
[Site "GER email"]
[Date "2017.11.25"]
[Round "?"]
[White "Matrisch, Gerd"]
[Black "Green, Michael"]
[Result "1/2-1/2"]
[WhiteElo "1591"]
[BlackElo "1819"]
[PlyCount "80"]
[EventDate "2017.12.01"]
[EventType "tourn (corr)"]
[EventRounds "6"]
[EventCountry "GER"]
[SourceTitle "Corr 2020"]
[Source "ChessBase"]
[SourceDate "2019.09.30"]
[SourceVersion "1"]
[SourceVersionDate "2019.09.30"]
[SourceQuality "1"]

1. Nf3 h6 2. e4 a6 3. d4 Nf6 4. Nc3 d6 5. Be2 e6 6. 0-0 Nc6 7. d5 exd5 8. exd5 Ne5 9. Nd4 Be7 10. f4 Ng6 11. Bd3 0-0 12. Bxg6 fxg6 13. Qd3 Qe8 14. Bd2 c5 15. dxc6 bxc6 16. Rae1 d5 17. Kh1 c5 18. Ne6 Bxe6 19. Rxe6 Qf7 20. Rfe1 c4 21. Qd4 Bb4 22. a3 Bxc3 23. Bxc3 Rfe8 24. Rxe8+ Rxe8 25. Rxe8+ Nxe8 26. Qe5 g5 27. f5 Nf6 28. Kg1 Ng4 29. Qd4 Nf6 30. b3 cxb3 31. cxb3 Qe7 32. b4 Qe2 33. Qe5 Qd3 34. Qe6+ Kf8 35. Bxf6 Qd1+ 36. Kf2 Qd2+ 37. Qe2 Qf4+ 38. Qf3 Qd2+ 39. Kg3 gxf6 40. Kg4 Qd4+ 1/2-1/2

[Event "GER OS-298 email"]
[Site "GER email"]
[Date "2016.07.11"]
[Round "?"]
[White "Matrisch, Gerd"]
[Black "Ganzer, Michael"]
[Result "1/2-1/2"]
[WhiteElo "1599"]
[BlackElo "1673"]
[PlyCount "73"]
[EventDate "2016.07.18"]
[EventType "tourn (corr)"]
[EventRounds "6"]
[EventCountry "GER"]
[SourceTitle "Corr 2020"]
[Source "ChessBase"]
[SourceDate "2019.09.30"]
[SourceVersion "1"]
[SourceVersionDate "2019.09.30"]
[SourceQuality "1"]

1. Nf3 Nf6 2. c4 e6 3. g3 d5 4. Bg2 dxc4 5. 0-0 c6 6. a4 Qd5 7. Qc2 e5 8. Nc3 Qd6 9. Ne4 Qe6 10. Nxf6+ gxf6 11. Nh4 Na6 12. f4 Nb4 13. Qc3 Rg8 14. f5 Qe7 15. Qxc4 Qc5+ 16. Qxc5 Bxc5+ 17. e3 Ke7 18. b3 Rd8 19. Be4 Nd3 20. Nf3 Bb4 21. Ba3 Bxa3 22. Rxa3 Nc5 23. Bc2 Nd3 24. g4 h5 25. h3 hxg4 26. hxg4 a5 27. Raa1 b6 28. Bxd3 Rxd3 29. Rac1 c5 30. Rc3 Ba6 31. Rf2 Rb8 32. e4 Rdd8 33. Ne1 Rg8 34. Rg2 Rbd8 35. d3 Rg7 36. Kf2 Rh7 37. Rg3 1/2-1/2

[Event "GER OS-290 email"]
[Site "GER email"]
[Date "2016.03.24"]
[Round "?"]
[White "Matrisch, Gerd"]
[Black "Krueger, Thorsten"]
[Result "0-1"]
[WhiteElo "1605"]
[BlackElo "1922"]
[PlyCount "68"]
[EventDate "2016.04.01"]
[EventType "tourn (corr)"]
[EventRounds "6"]
[EventCountry "GER"]
[SourceTitle "Corr 2022"]
[Source "ChessBase"]
[SourceDate "2021.10.24"]
[SourceVersion "1"]
[SourceVersionDate "2021.10.24"]
[SourceQuality "1"]

1. e4 c5 2. Nc3 e6 3. Nf3 a6 4. Be2 Nc6 5. 0-0 Nf6 6. d4 cxd4 7. Nxd4 Qc7 8. Be3 Be7 9. f4 d6 10. Nxc6 bxc6 11. g4 h6 12. Bf3 e5 13. f5 Bb7 14. Rf2 0-0 15. Rd2 Rab8 16. Ba7 Rbc8 17. Bf2 d5 18. exd5 cxd5 19. Nxd5 Bxd5 20. Bxd5 Rfd8 21. c4 Bb4 22. Re2 Bc5 23. Kh1 Bxf2 24. Rxf2 Nxd5 25. cxd5 Qc4 26. Qf3 Rxd5 27. b3 Qd4 28. Re1 Rc3 29. Qg2 f6 30. Rf3 Rd8 31. h3 Rdc8 32. Rxc3 Rxc3 33. Qa8+ Kh7 34. Qg2 Qd3 0-1

[Event "GER HS-155 email"]
[Site "GER email"]
[Date "2013.12.01"]
[Round "?"]
[White "Braesel, Walter"]
[Black "Matrisch, Gerd"]
[Result "1/2-1/2"]
[WhiteElo "1937"]
[BlackElo "1720"]
[PlyCount "108"]
[EventDate "2013.12.09"]
[EventType "tourn (corr)"]
[EventRounds "6"]
[EventCountry "GER"]
[SourceTitle "Corr 2015"]
[Source "ChessBase"]
[SourceDate "2015.07.17"]
[SourceVersion "1"]
[SourceVersionDate "2015.07.17"]
[SourceQuality "1"]

1. e4 e5 2. Nf3 Nc6 3. Nxe5 Nxe5 4. d4 Ng6 5. Bd3 d5 6. exd5 Qxd5 7. 0-0 Be6 8. Nc3 Qd7 9. d5 Bg4 10. Re1+ Be7 11. f3 Bf5 12. Bb5 c6 13. Bc4 Qd6 14. Kh1 Nf6 15. dxc6 Qxd1 16. Nxd1 bxc6 17. Ne3 Bd7 18. Bd2 0-0 19. Rad1 Rab8 20. Bc3 Bb4 21. Bxb4 Rxb4 22. b3 Re8 23. Kg1 Ne5 24. Kf2 Nxc4 25. Nxc4 Rxe1 26. Rxe1 Kf8 27. g4 Be6 28. Ne5 Rb6 29. Nd3 h5 30. h3 Nd5 31. c4 Nb4 32. Nc5 hxg4 33. hxg4 g6 34. a3 Nc2 35. Rd1 Nxa3 36. Rd2 a5 37. Ra2 Nb1 38. Ke3 Rb8 39. Ra1 Ke7 40. Rxb1 Bxc4 41. Ra1 Bxb3 42. Rxa5 Bd5 43. Ra7+ Kd6 44. Ne4+ Bxe4 45. fxe4 Rb3+ 46. Kf4 Rb1 47. g5 Re1 48. Ra8 Rf1+ 49. Ke3 Rg1 50. Ra7 Rxg5 51. Rxf7 c5 52. Rf8 Re5 53. Rg8 g5 54. Rg6+ Ke7 1/2-1/2

[Event "GER HS-155 email"]
[Site "GER email"]
[Date "2013.12.01"]
[Round "?"]
[White "Matrisch, Gerd"]
[Black "Langheld, Werner"]
[Result "0-1"]
[WhiteElo "1720"]
[BlackElo "1963"]
[PlyCount "86"]
[EventDate "2013.12.09"]
[EventType "tourn (corr)"]
[EventRounds "6"]
[EventCountry "GER"]
[SourceTitle "Corr 2015"]
[Source "ChessBase"]
[SourceDate "2015.07.17"]
[SourceVersion "1"]
[SourceVersionDate "2015.07.17"]
[SourceQuality "1"]

1. e4 c5 2. Nc3 Nc6 3. Be2 g6 4. Nf3 Bg7 5. 0-0 d6 6. d3 Nf6 7. Bg5 0-0 8. Qd2 Be6 9. Bh6 Qb6 10. Bxg7 Kxg7 11. b3 Rac8 12. Ng5 Qa5 13. Nxe6+ fxe6 14. f4 e5 15. fxe5 Nxe5 16. Rf4 Nfd7 17. Raf1 Rxf4 18. Rxf4 Rf8 19. Rf2 Rxf2 20. Kxf2 Nc6 21. Ke1 Qa3 22. Qg5 h6 23. Qd2 a6 24. Kd1 Qb2 25. Nd5 Qa1+ 26. Qc1 Qxa2 27. Bg4 Nf6 28. Be6 Nd4 29. Nxf6 exf6 30. Bd5 b5 31. g3 b4 32. h4 Qa3 33. Qb1 Nb5 34. Kd2 Nc3 35. Qf1 Qb2 36. Qf3 Nb1+ 37. Kd1 Qc3 38. Qe2 Qa1 39. Qg4 Nc3+ 40. Kd2 h5 41. Qf3 Nb1+ 42. Ke2 Na3 43. g4 Nxc2 0-1

[Event "GER HS-154 email"]
[Site "GER email"]
[Date "2013.10.27"]
[Round "?"]
[White "Matrisch, Gerd"]
[Black "Braesel, Walter"]
[Result "0-1"]
[WhiteElo "1720"]
[BlackElo "1937"]
[PlyCount "66"]
[EventDate "2013.11.04"]
[EventType "tourn (corr)"]
[EventRounds "6"]
[EventCountry "GER"]
[SourceTitle "Corr 2015"]
[Source "ChessBase"]
[SourceDate "2015.07.17"]
[SourceVersion "1"]
[SourceVersionDate "2015.07.17"]
[SourceQuality "1"]

1. Nf3 Nf6 2. g3 g6 3. Bg2 Bg7 4. d3 d5 5. 0-0 0-0 6. Bg5 c5 7. c3 Nc6 8. Na3 Be6 9. Nc2 Qd7 10. Kh1 Rac8 11. Qd2 Bh3 12. Ng1 Bxg2+ 13. Kxg2 Nh5 14. Bh6 e5 15. Bxg7 Nxg7 16. Nf3 Rcd8 17. d4 cxd4 18. cxd4 e4 19. Ng1 Ne6 20. e3 Rc8 21. f3 Ne7 22. fxe4 dxe4 23. Rac1 Nc5 24. Ne1 Na4 25. Ne2 Qb5 26. b3 Nb6 27. Nc3 Qa5 28. Qb2 Nbd5 29. Nd1 Rxc1 30. Qxc1 Qxa2+ 31. Qc2 Qa1 32. Kg1 Rc8 33. Qe2 Qb1 0-1

[Event "Dortmund Sparkassen op-B"]
[Site "Dortmund"]
[Date "2013.07.29"]
[Round "3"]
[White "Quante, Lennart"]
[Black "Matrisch, Gerd"]
[Result "1-0"]
[WhiteElo "1864"]
[BlackElo "1913"]
[PlyCount "61"]
[EventDate "2013.07.27"]
[EventType "swiss"]
[EventRounds "9"]
[EventCountry "GER"]
[SourceTitle "EXT 2022"]
[Source "ChessBase"]
[SourceDate "2021.10.06"]
[SourceVersion "1"]
[SourceVersionDate "2021.10.06"]
[SourceQuality "1"]

1. d4 Nf6 2. Nf3 e6 3. g3 b6 4. Bg2 Bb7 5. 0-0 Be7 6. c4 0-0 7. Nc3 d6 8. Qc2 Nbd7 9. Rd1 h6 10. e4 d5 11. e5 Nh7 12. Ne1 c6 13. b3 f6 14. exf6 Rxf6 15. Nd3 Bd6 16. Bf4 Qc7 17. Re1 g5 18. Bxd6 Qxd6 19. Ne5 Kg7 20. Bh3 Raf8 21. Re2 Qe7 22. Ng4 Rg6 23. Rae1 h5 24. Qxg6+ Kxg6 25. Rxe6+ Qxe6 26. Rxe6+ Kf7 27. Nh6+ Kg7 28. Nf5+ Kg8 29. Re7 Nhf6 30. Nh6+ Kh8 31. Bxd7 1-0

[Event "GER HS-150 email"]
[Site "GER email"]
[Date "2013.06.07"]
[Round "?"]
[White "Matrisch, Gerd"]
[Black "Rickert, Willi"]
[Result "0-1"]
[WhiteElo "1750"]
[BlackElo "2011"]
[PlyCount "70"]
[EventDate "2013.06.13"]
[EventType "tourn (corr)"]
[EventRounds "6"]
[EventCountry "GER"]
[SourceTitle "Corr 2015"]
[Source "ChessBase"]
[SourceDate "2015.07.17"]
[SourceVersion "1"]
[SourceVersionDate "2015.07.17"]
[SourceQuality "1"]

1. d4 f5 2. g3 Nf6 3. Bg2 g6 4. c4 Bg7 5. Nc3 0-0 6. Nf3 d6 7. 0-0 Qe8 8. Bf4 c6 9. Qd2 Nbd7 10. Bh6 e5 11. Bxg7 Kxg7 12. e4 Nxe4 13. Nxe4 fxe4 14. Ng5 d5 15. cxd5 cxd5 16. dxe5 h6 17. Nh3 Qxe5 18. Rad1 Nf6 19. Nf4 g5 20. Ne2 Bg4 21. Rfe1 Rac8 22. h3 Bxe2 23. Rxe2 Rf7 24. Qd4 Qxd4 25. Rxd4 Rc1+ 26. Kh2 g4 27. Rdd2 Rfc7 28. hxg4 Nxg4+ 29. Kh3 Nxf2+ 30. Kh2 Ng4+ 31. Kh3 e3 32. Rxd5 Nf2+ 33. Kh4 R1c4+ 34. Kh5 Ng4 35. Kh4 Nf6+ 0-1

[Event "GER HS-150 email"]
[Site "GER email"]
[Date "2013.06.07"]
[Round "?"]
[White "Preussner, Michael"]
[Black "Matrisch, Gerd"]
[Result "1-0"]
[WhiteElo "1855"]
[BlackElo "1750"]
[PlyCount "45"]
[EventDate "2013.06.13"]
[EventType "tourn (corr)"]
[EventRounds "6"]
[EventCountry "GER"]
[SourceTitle "Corr 2015"]
[Source "ChessBase"]
[SourceDate "2015.07.17"]
[SourceVersion "1"]
[SourceVersionDate "2015.07.17"]
[SourceQuality "1"]

1. d4 Nf6 2. f3 d5 3. e4 dxe4 4. Nc3 exf3 5. Nxf3 g6 6. Bg5 Bg7 7. Qd2 h6 8. Bf4 Be6 9. 0-0-0 Nd5 10. Nxd5 Bxd5 11. Qe3 Nd7 12. Bd3 Nb6 13. Be5 0-0 14. Bxg7 Kxg7 15. Ne5 Bxa2 16. Ng4 Rh8 17. b3 a5 18. Rhf1 f6 19. Qe4 Qe8 20. Rde1 a4 21. Qxe7+ Qxe7 22. Rxe7+ Kf8 23. Rxc7 1-0

[Event "GER OL-270 email"]
[Site "GER email"]
[Date "2013.??.??"]
[Round "?"]
[White "Luethi, Thomas"]
[Black "Matrisch, Gerd"]
[Result "0-1"]
[WhiteElo "1640"]
[BlackElo "1796"]
[PlyCount "70"]
[EventDate "2012.??.??"]
[EventType "tourn (corr)"]
[EventRounds "6"]
[EventCountry "GER"]
[SourceTitle "Corr 2015"]
[Source "ChessBase"]
[SourceDate "2015.07.17"]
[SourceVersion "1"]
[SourceVersionDate "2015.07.17"]
[SourceQuality "1"]

1. e4 d6 2. d4 Nf6 3. Nc3 g6 4. f4 Bg7 5. Nf3 c5 6. Bb5+ Bd7 7. e5 Ng4 8. exd6 Bxb5 9. Nxb5 Qa5+ 10. Nc3 exd6 11. Qe2+ Kd7 12. 0-0 Nc6 13. Qc4 Raf8 14. dxc5 Bxc3 15. Qxc3 Qxc3 16. bxc3 dxc5 17. Rd1+ Kc8 18. h3 Nf6 19. Ne5 Rd8 20. Rxd8+ Nxd8 21. Bb2 Re8 22. Re1 Nd7 23. Kf2 Nxe5 24. Rxe5 Rxe5 25. fxe5 Nc6 26. c4 Na5 27. Ke2 Nxc4 28. Ba1 Kd7 29. Kd3 b5 30. a4 a6 31. axb5 axb5 32. Ke4 Ke6 33. h4 b4 34. g4 Na3 35. Kd3 c4+ 0-1